[Event "?"]
[Site "?"]
[Date "????.??.??"]
[Round "?"]
[White "Segebarth, B."]
[Black "Seibt, M."]
[Result "1-0"]
[WhiteElo "1930"]
[BlackElo "2016"]
[PlyCount "63"]
[EventDate "2010.??.??"]
[WhiteTeam "Mecklenburg-Vorp 2"]
[BlackTeam "SV TuR Dresden"]

1. e4 e6 2. d4 d5 3. Nd2 c5 4. Ngf3 cxd4 5. exd5 Qxd5 6. Bc4 Qd6 7. O-O Nf6 8.
Nb3 Be7 9. Qxd4 Qxd4 10. Nbxd4 a6 11. Bf4 O-O 12. Rfe1 Nbd7 13. Nf5 Bc5 14. Bd6
exf5 15. Bxf8 Kxf8 16. Ng5 h6 17. Nxf7 Ne4 18. Re2 Ndf6 19. Rd1 Bd7 20. Ne5 Be8
21. Kf1 Nd6 22. Bb3 Nb5 23. c3 g6 24. Nd3 Nd7 25. Nf4 Nc7 26. Nxg6+ Bxg6 27.
Rxd7 Bb6 28. Ree7 Be8 29. Rxc7 Bxc7 30. Rxc7 Rb8 31. Be6 Bg6 32. Rc8+ 1-0

[Event "?"]
[Site "?"]
[Date "????.??.??"]
[Round "?"]
[White "Perman, T."]
[Black "Wünsch, U."]
[Result "0-1"]
[WhiteElo "2055"]
[BlackElo "2101"]
[PlyCount "104"]
[EventDate "2010.??.??"]
[WhiteTeam "Botnia"]
[BlackTeam "Dresdner Springer"]

1. c4 Nf6 2. g3 c6 3. Bg2 d5 4. Nf3 Bf5 5. cxd5 cxd5 6. O-O e6 7. Ne5 Bd6 8.
Qa4+ Nbd7 9. d4 O-O 10. Nxd7 Nxd7 11. Nc3 Nb6 12. Qb3 Rc8 13. e4 dxe4 14. Be3
Nc4 15. Rac1 Nxe3 16. fxe3 b6 17. Nxe4 Be7 18. Rxc8 Qxc8 19. Nc3 h5 20. e4 Bg6
21. Rd1 h4 22. Ne2 hxg3 23. Nxg3 Rd8 24. Qc3 Qd7 25. Qd2 Qb5 26. Bf1 Qd7 27.
Kh1 Bh4 28. Qf4 Qe7 29. Bg2 e5 30. Qe3 exd4 31. Rxd4 Rxd4 32. Qxd4 Bf6 33. Qd2
Qe5 34. b3 Qa1+ 35. Nf1 Bxe4 36. Qe2 Bxg2+ 37. Qxg2 g6 38. Qe2 Kg7 39. Qa6 Qd1
40. Kg2 Qd5+ 41. Kf2 Bh4+ 42. Ng3 Qd2+ 43. Kg1 Be7 44. Ne2 Bc5+ 45. Kg2 Qd5+
46. Kh3 g5 47. Ng3 Qd7+ 48. Kg2 Kg6 49. Qe2 g4 50. Kf1 f5 51. Qc4 Qd1+ 52. Kg2
Qf3# 0-1

[Event "?"]
[Site "?"]
[Date "????.??.??"]
[Round "?"]
[White "Hampel, J."]
[Black "Lahti, J."]
[Result "1/2-1/2"]
[WhiteElo "2126"]
[BlackElo "2020"]
[PlyCount "57"]
[EventDate "2010.??.??"]
[WhiteTeam "Dresdner Springer"]
[BlackTeam "Botnia"]

1. d4 Nf6 2. c4 g6 3. Nc3 Bg7 4. e4 d6 5. Be2 O-O 6. Bg5 Na6 7. Nf3 Qe8 8. O-O
e5 9. Bxf6 Bxf6 10. c5 exd4 11. Nd5 Bd8 12. Bxa6 bxa6 13. Qxd4 dxc5 14. Qxc5 c6
15. Nc3 Bb6 16. Qg5 f6 17. Qf4 Qe7 18. Rad1 Bc7 19. Qh4 Rb8 20. Rd2 Rb4 21. Nd4
Rc4 22. Rfd1 Rc5 23. f4 Rc4 24. Kh1 Rd8 25. Nde2 Rxd2 26. Rxd2 g5 27. fxg5 fxg5
28. Qh5 Rc5 29. Qf3 1/2-1/2

[Event "?"]
[Site "?"]
[Date "????.??.??"]
[Round "?"]
[White "Rantanen, V."]
[Black "Bußler, J."]
[Result "1/2-1/2"]
[WhiteElo "2004"]
[BlackElo "2045"]
[PlyCount "42"]
[EventDate "2010.??.??"]
[WhiteTeam "Botnia"]
[BlackTeam "Dresden-Springer"]

1. e4 d5 2. exd5 Qxd5 3. Nc3 Qd6 4. d4 Nf6 5. Nf3 a6 6. Be2 Nbd7 7. O-O e6 8.
Qd3 Be7 9. Ng5 e5 10. d5 Nc5 11. Qg3 Nxd5 12. Nxd5 Qxd5 13. Rd1 Qc6 14. Bc4 O-O
15. Qxe5 Bf6 16. Qf4 Bxg5 17. Qxg5 Be6 18. Bxe6 Nxe6 19. Qf5 Rad8 20. Be3 Qb5
21. Qxb5 axb5 1/2-1/2

[Event "?"]
[Site "?"]
[Date "????.??.??"]
[Round "?"]
[White "Bec, D."]
[Black "Runonen, R."]
[Result "1-0"]
[WhiteElo "2035"]
[BlackElo "1782"]
[PlyCount "81"]
[EventDate "2010.??.??"]
[WhiteTeam "Dresdner Springer"]
[BlackTeam "Botnia"]

1. d4 g6 2. c4 c5 3. Nf3 Bg7 4. Nc3 cxd4 5. Nxd4 Nc6 6. e3 Nf6 7. Be2 O-O 8.
Nc2 d6 9. O-O h6 10. b3 Bf5 11. f3 a5 12. e4 Bd7 13. Be3 Ne8 14. Qd2 Kh7 15.
Rad1 Nb4 16. Nxb4 axb4 17. Nd5 Bc3 18. Nxc3 bxc3 19. Qc2 Qa5 20. a4 f5 21. Bd3
e5 22. f4 Nf6 23. exf5 Ng4 24. fxg6+ Kg7 25. Qe2 Nf6 26. Bc2 Bg4 27. Qe1 exf4
28. Bd4 Qc7 29. Rd3 Rae8 30. Bxf6+ Kxf6 31. Qh4+ Kg7 32. Qxg4 Qc5+ 33. Kh1 Qf2
34. Qd1 Qh4 35. Rxc3 Rf6 36. Rcf3 Rfe6 37. Qd4+ Rf6 38. Bd3 Re1 39. Rxe1 Qxe1+
40. Rf1 Qe5 41. Qe4 1-0

[Event "?"]
[Site "?"]
[Date "????.??.??"]
[Round "?"]
[White "Rasmussen, L."]
[Black "Kivipelto, K."]
[Result "1/2-1/2"]
[WhiteElo "2065"]
[BlackElo "2185"]
[PlyCount "67"]
[EventDate "2010.??.??"]
[WhiteTeam "Luxemburg"]
[BlackTeam "Helsinki"]
[WhiteTeamCountry "LUX"]

1. d4 Nf6 2. c4 c5 3. d5 b5 4. Qc2 d6 5. e4 g6 6. cxb5 Bg7 7. Nf3 O-O 8. Bd2 a6
9. a4 axb5 10. Bxb5 Ba6 11. Na3 e6 12. dxe6 fxe6 13. O-O Bb7 14. Rfe1 Nc6 15.
Rad1 Ng4 16. Bc3 Nd4 17. Bxd4 Bxd4 18. Re2 Rxf3 19. gxf3 Ne5 20. Qb3 Qf6 21. f4
Qxf4 22. Qxe6+ Kh8 23. Qh3 Bxe4 24. Rxe4 Qxe4 25. Bd3 Nxd3 26. Qxd3 Qxd3 27.
Rxd3 Rxa4 28. Nb5 Bxb2 29. Rxd6 Rf4 30. Kg2 Kg7 31. Nc7 Rf5 32. Rc6 Bd4 33.
Ne6+ Kf7 34. Nxd4 1/2-1/2

[Event "?"]
[Site "?"]
[Date "????.??.??"]
[Round "?"]
[White "Koskinen, V."]
[Black "Stull, N."]
[Result "1/2-1/2"]
[WhiteElo "1990"]
[BlackElo "2172"]
[PlyCount "63"]
[EventDate "2010.??.??"]
[WhiteTeam "Helsinki"]
[BlackTeam "Luxemburg"]
[BlackTeamCountry "LUX"]

1. Nf3 Nf6 2. g3 g6 3. Bg2 Bg7 4. O-O O-O 5. d3 c5 6. e4 Nc6 7. Re1 d6 8. Nbd2
Ne8 9. c3 Nc7 10. a4 Bg4 11. h3 Bxf3 12. Nxf3 d5 13. e5 d4 14. c4 Ne6 15. Bd2
a5 16. h4 Qc7 17. Qe2 Ra6 18. Bh3 Nb4 19. Bxb4 axb4 20. b3 h5 21. Nd2 Nd8 22.
f4 Nc6 23. Ne4 Na5 24. Rab1 f6 25. exf6 exf6 26. Nd2 Raa8 27. Qe7 Qxe7 28. Rxe7
Rfe8 29. Rbe1 Kf8 30. Rxe8+ Rxe8 31. Rxe8+ Kxe8 32. Kf2 1/2-1/2

[Event "?"]
[Site "?"]
[Date "????.??.??"]
[Round "?"]
[White "Feller, J."]
[Black "Kangas, M."]
[Result "1-0"]
[WhiteElo "2212"]
[BlackElo "1935"]
[PlyCount "71"]
[EventDate "2010.??.??"]
[WhiteTeam "Luxemburg"]
[BlackTeam "Helsinki"]
[WhiteTeamCountry "LUX"]

1. e4 e5 2. Nf3 Nc6 3. Bb5 d6 4. d4 exd4 5. Qxd4 Bd7 6. Bxc6 bxc6 7. Nc3 Ne7 8.
Be3 c5 9. Qd2 f6 10. O-O-O Ng6 11. Qe2 Rb8 12. Rd2 Qc8 13. b3 Qb7 14. Qc4 Qb4
15. Qxb4 Rxb4 16. Nd5 Rb7 17. c4 Ne7 18. Nc3 Be6 19. Ne1 g6 20. Nd3 Bg7 21. Nf4
Bf7 22. Nfd5 Nc6 23. Kc2 O-O 24. f3 Rfb8 25. Re1 a6 26. h4 h5 27. Rg1 f5 28.
exf5 gxf5 29. g4 fxg4 30. fxg4 Bg6+ 31. Kc1 Kh7 32. gxh5 Bxh5 33. Rdg2 Be5 34.
Ne4 Kh8 35. Ndf6 Bf7 36. Rg7 1-0

[Event "?"]
[Site "?"]
[Date "????.??.??"]
[Round "?"]
[White "Saharinen, P."]
[Black "Blaeser, R."]
[Result "1-0"]
[WhiteElo "1857"]
[BlackElo "2163"]
[PlyCount "101"]
[EventDate "2010.??.??"]
[WhiteTeam "Helsinki"]
[BlackTeam "Luxemburg"]
[BlackTeamCountry "LUX"]

1. d4 Nf6 2. c4 d6 3. Nf3 g6 4. Nc3 Bg7 5. e4 O-O 6. h3 e5 7. d5 Nh5 8. Be3 a6
9. a4 Qe8 10. Bd3 f5 11. O-O f4 12. Bd2 Bf6 13. Nh2 Ng7 14. Ng4 h5 15. Nxf6+
Rxf6 16. Be2 Qf7 17. Kh2 g5 18. f3 Nd7 19. Be1 h4 20. Bf2 Nh5 21. Bd3 Ng3 22.
Re1 Nf8 23. c5 Nh7 24. cxd6 cxd6 25. Ne2 g4 26. Ng1 Ng5 27. fxg4 f3 28. Qd2 Rf4
29. gxf3 Nxf3+ 30. Nxf3 Rxf3 31. Qg5+ Qg7 32. Qd2 Bd7 33. Rg1 Raf8 34. Rg2 Qf6
35. Kg1 Qg6 36. Rc1 Qf6 37. a5 Bb5 38. Bxb5 Nxe4 39. Qe1 Nxf2 40. Be2 Nxh3+ 41.
Kh2 Qf4+ 42. Kh1 Rf2 43. Qc3 Qe4 44. Qxh3 Rxe2 45. g5 Qxd5 46. g6 Rxb2 47. g7
Re8 48. Rc8 Rb1+ 49. Kh2 Qf7 50. Rxe8+ Qxe8 51. Qxh4 1-0

[Event "?"]
[Site "?"]
[Date "????.??.??"]
[Round "?"]
[White "Johannsen, I."]
[Black "Bondick, K."]
[Result "1-0"]
[WhiteElo "2071"]
[BlackElo "2167"]
[PlyCount "29"]
[EventDate "2010.??.??"]
[WhiteTeam "Störtebeker"]
[BlackTeam "Ottonen Magdeburg"]

1. e4 e5 2. Nf3 f5 3. Nc3 fxe4 4. Nxe5 Nf6 5. Bc4 Qe7 6. d4 c6 7. Bg5 d6 8. Nf7
d5 9. Nxh8 dxc4 10. O-O Bf5 11. f3 e3 12. Re1 Qd6 13. Rxe3+ Be7 14. Qd2 Kf8 15.
Rae1 1-0

[Event "?"]
[Site "?"]
[Date "????.??.??"]
[Round "?"]
[White "Werchan, H."]
[Black "Mewes, H."]
[Result "1-0"]
[WhiteElo "2149"]
[BlackElo "1924"]
[PlyCount "85"]
[EventDate "2010.??.??"]
[WhiteTeam "Ottonen Magdeburg"]
[BlackTeam "Störtebeker"]

1. Nf3 Nf6 2. c4 c5 3. g3 Nc6 4. Bg2 g6 5. b3 Bg7 6. Bb2 O-O 7. O-O d6 8. d4
cxd4 9. Nxd4 Bd7 10. e3 Qc8 11. Re1 Rb8 12. Nc3 Re8 13. Rc1 b6 14. Nd5 Nxd4 15.
Bxd4 Nh5 16. e4 Be6 17. Be3 Nf6 18. Bg5 Bxd5 19. exd5 h6 20. Be3 Rb7 21. Qd2
Kh7 22. Bd4 Ng8 23. Be4 Bxd4 24. Qxd4 Nf6 25. Kg2 Rc7 26. a4 Qd7 27. Bf3 Qf5
28. Re3 h5 29. h3 e5 30. dxe6 Rxe6 31. Rxe6 Qxe6 32. Rd1 Ne8 33. Rd2 Qe5 34.
Qd3 Qc5 35. Re2 Ng7 36. Bd5 Nf5 37. Re4 Rd7 38. g4 Ng7 39. Rf4 Qc7 40. Qf3 Kg8
41. Rf6 Kh7 42. Bxf7 Re7 43. Bxg6+ 1-0

[Event "?"]
[Site "?"]
[Date "????.??.??"]
[Round "?"]
[White "Graßmann, H."]
[Black "Buck, K."]
[Result "1/2-1/2"]
[WhiteElo "1964"]
[BlackElo "1835"]
[PlyCount "39"]
[EventDate "2010.??.??"]
[WhiteTeam "Ottonen Magdeburg"]
[BlackTeam "Störtebeker"]

1. d4 e6 2. c4 d5 3. Nc3 Nf6 4. Bg5 Nbd7 5. Nf3 c6 6. e3 Bb4 7. Bxf6 Nxf6 8.
Nd2 O-O 9. Bd3 Qa5 10. Qc2 dxc4 11. Nxc4 Qc7 12. O-O h6 13. h3 Bxc3 14. bxc3 b6
15. Nd2 c5 16. Ne4 Nxe4 17. Bxe4 Rb8 18. h4 Ba6 19. Bd3 Bxd3 20. Qxd3 1/2-1/2

[Event "?"]
[Site "?"]
[Date "????.??.??"]
[Round "?"]
[White "Ghijsen, P."]
[Black "Wilson, P."]
[Result "1-0"]
[WhiteElo "2171"]
[BlackElo "1995"]
[PlyCount "83"]
[EventDate "2010.??.??"]
[WhiteTeam "V.A.S. Amsterdam"]
[BlackTeam "England 2"]

1. d4 f5 2. Bg5 c5 3. d5 Qb6 4. Nc3 Qxb2 5. Bd2 Qb6 6. Nf3 Nf6 7. Rb1 Qd8 8. e3
g6 9. Bd3 b6 10. O-O Bg7 11. Qe2 O-O 12. Bc4 d6 13. e4 fxe4 14. Ng5 h6 15.
Ngxe4 Nbd7 16. f4 Nxe4 17. Qxe4 Bd4+ 18. Kh1 Kg7 19. Bd3 Qe8 20. Rbe1 Nf6 21.
Qxe7+ Qxe7 22. Rxe7+ Rf7 23. Rxf7+ Kxf7 24. Nb5 Nxd5 25. Be4 Be6 26. c4 a6 27.
cxd5 Bg4 28. Nxd4 cxd4 29. Bd3 b5 30. h3 Bd7 31. Rc1 Kf6 32. g4 Re8 33. Kg2 h5
34. g5+ Kg7 35. h4 Re7 36. Kf2 Be8 37. Re1 Rxe1 38. Bxe1 Bf7 39. Be4 Be8 40.
Bb4 Bd7 41. Ke2 Bg4+ 42. Kd3 1-0

[Event "?"]
[Site "?"]
[Date "????.??.??"]
[Round "?"]
[White "Pemberton, C."]
[Black "Jongsma, A."]
[Result "0-1"]
[WhiteElo "1897"]
[BlackElo "2184"]
[PlyCount "64"]
[EventDate "2010.??.??"]
[WhiteTeam "England 2"]
[BlackTeam "V.A.S. Amsterdam"]

1. e4 c5 2. Nf3 g6 3. Bc4 Bg7 4. O-O Nc6 5. c3 d6 6. d4 Nf6 7. Qe2 cxd4 8. cxd4
Bg4 9. Rd1 O-O 10. h3 Bxf3 11. Qxf3 Qb6 12. Qe3 Nd7 13. d5 Qxe3 14. fxe3 Nce5
15. Bb5 Nc5 16. Nc3 a6 17. Be2 Rfc8 18. b4 Ncd3 19. Na4 Nd7 20. Rb1 Nxc1 21.
Rdxc1 b5 22. Rxc8+ Rxc8 23. Nb2 Rc2 24. Bg4 Nb6 25. Nd3 Bh6 26. Rb2 Bxe3+ 27.
Kf1 Rc3 28. Rb3 Rc2 29. Rb2 Rc7 30. Re2 Bd4 31. Bf3 Rc3 32. Ne1 Nc4 0-1

[Event "?"]
[Site "?"]
[Date "????.??.??"]
[Round "?"]
[White "Oud, N."]
[Black "Wood, P."]
[Result "1-0"]
[WhiteElo "2038"]
[BlackElo "1904"]
[PlyCount "65"]
[EventDate "2010.??.??"]
[WhiteTeam "V.A.S. Amsterdam"]
[BlackTeam "England 2"]

1. d4 d5 2. c4 e6 3. Nc3 Nf6 4. Nf3 Be7 5. Bg5 h6 6. Bh4 b6 7. e3 O-O 8. Bd3
Bb7 9. Bxf6 Bxf6 10. cxd5 Bxd5 11. Nxd5 Qxd5 12. O-O Nd7 13. Qc2 Qd6 14. Rfd1
Kh8 15. Rac1 c5 16. Be4 Rad8 17. dxc5 Qxc5 18. Qa4 b5 19. Rxc5 bxa4 20. Rc7 Ne5
21. Rxd8 Rxd8 22. Nd4 Rd7 23. Rc8+ Rd8 24. Rc2 g5 25. Kf1 Kg7 26. Ke2 Rb8 27.
Kd1 Rd8 28. Ke2 Rb8 29. f3 Rd8 30. Nb5 Rd7 31. Nc3 a3 32. bxa3 Rc7 33. Nb5 1-0

[Event "?"]
[Site "?"]
[Date "????.??.??"]
[Round "?"]
[White "Scowen, R."]
[Black "Van Dongen, R."]
[Result "1/2-1/2"]
[WhiteElo "1990"]
[BlackElo "1940"]
[PlyCount "68"]
[EventDate "2010.??.??"]
[WhiteTeam "England 2"]
[BlackTeam "V.A.S. Amsterdam"]

1. e4 e6 2. d4 d5 3. Nc3 dxe4 4. Nxe4 Nd7 5. Nf3 Ngf6 6. Bg5 Be7 7. Nxf6+ Nxf6
8. Be2 h6 9. Bh4 O-O 10. O-O b6 11. Ne5 Bb7 12. c3 Nd7 13. Bxe7 Qxe7 14. Bf3
Bxf3 15. Qxf3 Nxe5 16. dxe5 Qc5 17. Rfe1 Rad8 18. Rad1 Rd5 19. Rxd5 Qxd5 20.
Qxd5 exd5 21. f4 Rd8 22. Rd1 c5 23. Kf2 Kf8 24. Ke3 Ke7 25. f5 g6 26. g4 g5 27.
b4 f6 28. e6 Kd6 29. b5 h5 30. h3 hxg4 31. hxg4 Rh8 32. Kf3 Rh3+ 33. Kf2 Rh2+
34. Kf3 Rh3+ 1/2-1/2

[Event "?"]
[Site "?"]
[Date "????.??.??"]
[Round "?"]
[White "Morant, P."]
[Black "Weidlich, G."]
[Result "1-0"]
[WhiteElo "2194"]
[BlackElo "2198"]
[PlyCount "51"]
[EventDate "2010.??.??"]
[WhiteTeam "TuTS"]
[BlackTeam "SV Dresden-Leuben"]

1. e4 g6 2. d4 Bg7 3. c4 d6 4. Nc3 Nd7 5. Be3 e5 6. d5 Ne7 7. Qd2 O-O 8. g4 f5
9. gxf5 gxf5 10. Bh6 f4 11. Bxg7 Kxg7 12. Bh3 Kh8 13. Nf3 Rg8 14. O-O-O Nf8 15.
Bxc8 Rxc8 16. Rhg1 Rxg1 17. Rxg1 Neg6 18. Ng5 Qf6 19. Qe2 a6 20. Qh5 Kg7 21. h4
Re8 22. Qg4 Kh8 23. Qf5 Qg7 24. h5 h6 25. Nf7+ Kg8 26. hxg6 1-0

[Event "?"]
[Site "?"]
[Date "????.??.??"]
[Round "?"]
[White "Bodach, H."]
[Black "Suominen, A."]
[Result "0-1"]
[WhiteElo "2103"]
[BlackElo "1877"]
[PlyCount "86"]
[EventDate "2010.??.??"]
[WhiteTeam "SV Dresden-Leuben"]
[BlackTeam "TuTS"]

1. e4 c5 2. Nf3 d6 3. Nc3 Nf6 4. Bb5+ Bd7 5. Qe2 a6 6. Bxd7+ Nbxd7 7. O-O g6 8.
a4 Bg7 9. d3 O-O 10. h3 e6 11. Bg5 h6 12. Bf4 Qb6 13. Qd2 Kh7 14. a5 Qc6 15.
Rfe1 b5 16. axb6 Qxb6 17. Ra2 Rad8 18. Rea1 Nb8 19. Nd1 e5 20. Bh2 Qc7 21. Ne3
Qe7 22. b4 d5 23. exd5 Nxd5 24. Nxd5 Rxd5 25. c4 Rdd8 26. Re1 f6 27. bxc5 Qxc5
28. Qc2 Nc6 29. Qd2 Nd4 30. Nxd4 Qxd4 31. Rxa6 Qxd3 32. Qxd3 Rxd3 33. f4 Re8
34. fxe5 fxe5 35. c5 e4 36. Bd6 Bd4+ 37. Kh2 e3 38. Re2 Rd2 39. Ra7+ Kg8 40.
Ra2 Rxa2 41. Rxa2 e2 42. Bg3 Be5 43. Bxe5 Rxe5 0-1

[Event "?"]
[Site "?"]
[Date "????.??.??"]
[Round "?"]
[White "Ketonen, T."]
[Black "Böhm, E."]
[Result "0-1"]
[WhiteElo "1914"]
[BlackElo "2228"]
[PlyCount "58"]
[EventDate "2010.??.??"]
[WhiteTeam "TuTS"]
[BlackTeam "SV Dresden-Leuben"]

1. e4 g6 2. d4 Bg7 3. Nf3 c6 4. Be2 d5 5. e5 f6 6. O-O Bg4 7. Re1 Bxf3 8. Bxf3
fxe5 9. dxe5 e6 10. Bg4 Qe7 11. Nd2 Nh6 12. Bh3 Nf7 13. Nf3 c5 14. c3 Nc6 15.
Qa4 O-O 16. Bf4 Rae8 17. Re2 g5 18. Bd2 h5 19. g4 b5 20. Qc2 Ncxe5 21. Nxe5
Nxe5 22. gxh5 Qf7 23. h6 Nf3+ 24. Kf1 Qh5 25. Bg2 Nxh2+ 26. Ke1 Qxh6 27. Qd3
Qh5 28. Bxd5 exd5 29. Qxd5+ Kh8 0-1

[Event "?"]
[Site "?"]
[Date "????.??.??"]
[Round "?"]
[White "Rozov, B."]
[Black "Almi, O."]
[Result "0-1"]
[WhiteElo "2174"]
[BlackElo "1792"]
[PlyCount "94"]
[EventDate "2010.??.??"]
[WhiteTeam "SV Dresden-Leuben"]
[BlackTeam "TuTS"]

1. d4 Nf6 2. Nc3 e6 3. e4 c6 4. Bd3 b6 5. Qe2 Be7 6. Nh3 a5 7. e5 Nd5 8. Qg4
Kf8 9. Ng5 f5 10. exf6 Nxf6 11. Qf3 Kg8 12. O-O Qe8 13. Re1 Qh5 14. Be2 Qxf3
15. Bxf3 h6 16. Nge4 Na6 17. a3 Kf7 18. Bf4 Ne8 19. Na4 Bd8 20. c4 d5 21. Nd6+
Nxd6 22. Bxd6 Bd7 23. c5 bxc5 24. Nxc5 Nxc5 25. Bxc5 Bg5 26. Rab1 Rhb8 27. b4
axb4 28. Bxb4 Be7 29. g3 Bxb4 30. Rxb4 Rxb4 31. axb4 Ra3 32. Bd1 Rd3 33. Ba4
Rxd4 34. Rc1 Rxb4 35. Bxc6 Bxc6 36. Rxc6 Rb7 37. Kf1 Kf6 38. Ke2 Ke5 39. f4+
Kf6 40. Rc2 Rb3 41. Kf2 g5 42. Ra2 gxf4 43. gxf4 Kf5 44. Ra4 Rh3 45. Kg2 Rh4
46. Kg3 Rg4+ 47. Kf3 e5 0-1

[Event "?"]
[Site "?"]
[Date "????.??.??"]
[Round "?"]
[White "Walther, D."]
[Black "Svensson, S."]
[Result "0-1"]
[WhiteElo "2154"]
[BlackElo "2004"]
[PlyCount "78"]
[EventDate "2010.??.??"]
[WhiteTeam "Rheno Palatinat"]
[BlackTeam "Schweden 4"]

1. d4 Nf6 2. Bg5 d5 3. Nd2 Nbd7 4. e3 h6 5. Bf4 e6 6. Bd3 c5 7. c3 Be7 8. Qf3
g5 9. Be5 Nxe5 10. dxe5 Nd7 11. Qg3 Rg8 12. h4 g4 13. h5 Qc7 14. f4 c4 15. Bc2
Bc5 16. O-O-O b5 17. Ne2 b4 18. Rh4 f5 19. exf6 Nxf6 20. Bg6+ Ke7 21. e4 Qb6
22. e5 Nd7 23. Rxg4 Bf2 24. Qh3 Rb8 25. Nf1 bxc3 26. Qxc3 Ba6 27. Rd2 Nc5 28.
Qa3 Kd7 29. Kb1 Nd3 30. Nc3 Bc5 31. Qa4+ Kc7 32. Qc2 Nxb2 33. Ka1 Qa5 34. Rg3
Nd3 35. Nd1 Bd4+ 36. Nb2 Rxb2 37. Qxb2 Bxb2+ 38. Rxb2 Nxb2 39. Kxb2 Rb8+ 0-1

[Event "?"]
[Site "?"]
[Date "????.??.??"]
[Round "?"]
[White "Nordenström, S."]
[Black "Müller, L."]
[Result "0-1"]
[WhiteElo "1961"]
[BlackElo "2082"]
[PlyCount "143"]
[EventDate "2010.??.??"]
[WhiteTeam "Schweden 4"]
[BlackTeam "Rheno Palatinat"]

1. d4 d5 2. Nf3 Nf6 3. c4 dxc4 4. Qa4+ Nbd7 5. Qxc4 e6 6. Nc3 Be7 7. e3 O-O 8.
Bd3 a6 9. Qb3 b5 10. Qc2 c5 11. Ne4 c4 12. Nxf6+ Nxf6 13. Be2 Bb7 14. O-O Rc8
15. Nd2 Nd5 16. e4 Nb4 17. Qc3 f5 18. a3 Nc6 19. exf5 Nxd4 20. Re1 Rxf5 21. Bd1
Qb6 22. Nf1 Rcf8 23. Be3 Bc5 24. Ng3 R5f6 25. Rf1 e5 26. b4 Bd6 27. Ra2 Bb8 28.
a4 Qc6 29. f3 Re6 30. Bxd4 exd4 31. Qxd4 Rd6 32. axb5 axb5 33. Qf2 Bc7 34. Kh1
Bb6 35. Qe2 Qd7 36. Bc2 Rd8 37. Bf5 Qe8 38. Ne4 Rd4 39. Nc3 Bc6 40. Be4 Bxe4
41. Nxe4 Rd3 42. Rb2 Re3 43. Qc2 Qd7 44. Qc1 Qe7 45. Re1 Rxe1+ 46. Qxe1 Bd4 47.
Rb1 c3 48. Qe2 Qe5 49. Qd3 Rc8 50. Qc2 Rc4 51. Qa2 h6 52. Qc2 Qf4 53. Ra1 Be5
54. Ra8+ Kf7 55. Ra7+ Bc7 56. Ng3 g6 57. Kg1 Qd4+ 58. Qf2 Qxf2+ 59. Kxf2 c2 60.
Ne2 c1=Q 61. Nxc1 Rxc1 62. Rb7 Kf6 63. Rxb5 Bxh2 64. Rb6+ Kf7 65. Rb7+ Ke6 66.
Rb6+ Bd6 67. Rb7 Rc2+ 68. Kf1 Bg3 69. b5 Rf2+ 70. Kg1 Rb2 71. Kf1 Rf2+ 72. Kg1
0-1

[Event "?"]
[Site "?"]
[Date "????.??.??"]
[Round "?"]
[White "Schwertel, J."]
[Black "Nystrom, R."]
[Result "1-0"]
[WhiteElo "1990"]
[BlackElo "1980"]
[PlyCount "101"]
[EventDate "2010.??.??"]
[WhiteTeam "Rheno Palatinat"]
[BlackTeam "Schweden 4"]

1. d4 Nf6 2. Nf3 e6 3. Bg5 d5 4. c3 Be7 5. e3 O-O 6. Nbd2 b6 7. Bd3 Ba6 8. Qe2
Bxd3 9. Qxd3 Nbd7 10. O-O c5 11. Rfe1 Re8 12. Rac1 c4 13. Qc2 b5 14. e4 dxe4
15. Nxe4 Nxe4 16. Bxe7 Rxe7 17. Qxe4 Nf6 18. Qh4 Rc7 19. Re5 Rb8 20. a3 a6 21.
Rce1 Nd7 22. Rg5 h6 23. Qxh6 Qf6 24. Qh5 g6 25. Qh4 Nf8 26. Qg3 Rbc8 27. Re4
Rd7 28. h4 Rd5 29. Ne5 Rc7 30. Ng4 Qd8 31. Rxd5 exd5 32. Re5 Rc6 33. h5 Re6 34.
Nh6+ Kg7 35. Nf5+ Kh7 36. hxg6+ Nxg6 37. Qh3+ Kg8 38. Qh6 Qf6 39. Rxe6 fxe6 40.
Ne7+ Qxe7 41. Qxg6+ Kf8 42. f4 Qc7 43. Qf6+ Kg8 44. Qxe6+ Kf8 45. g3 Qd8 46.
Kg2 a5 47. Qh6+ Kg8 48. Qg5+ Qxg5 49. fxg5 Kf7 50. Kf3 Kg6 51. Kf4 1-0

[Event "?"]
[Site "?"]
[Date "????.??.??"]
[Round "?"]
[White "Gumesson, I."]
[Black "Denda, R."]
[Result "0-1"]
[WhiteElo "1863"]
[BlackElo "2043"]
[PlyCount "52"]
[EventDate "2010.??.??"]
[WhiteTeam "Schweden 4"]
[BlackTeam "Rheno Palatinat"]

1. Nf3 d5 2. d4 c6 3. e3 Bf5 4. Be2 e6 5. O-O Bd6 6. c4 Nd7 7. Nc3 Nh6 8. cxd5
exd5 9. Bd3 Bxd3 10. Qxd3 f5 11. h3 O-O 12. Ne2 Qf6 13. Bd2 g5 14. Ng3 g4 15.
hxg4 fxg4 16. Nh2 Qh4 17. e4 dxe4 18. Qxe4 Rae8 19. Qd3 Nf5 20. Be1 Rf6 21. f3
Nxg3 22. Nxg4 Rf7 23. Bxg3 Qxg3 24. Rf2 h5 25. Nh2 Qf4 26. Rd1 Nf6 0-1

[Event "?"]
[Site "?"]
[Date "????.??.??"]
[Round "?"]
[White "Ehlert, J."]
[Black "Goy, U."]
[Result "0-1"]
[WhiteElo "2009"]
[BlackElo "2232"]
[PlyCount "58"]
[EventDate "2010.??.??"]
[WhiteTeam "Stiftg BSW/DBAG 4"]
[BlackTeam "Mattadore Rheinld"]

1. e4 c6 2. d4 g6 3. Nf3 Bg7 4. Be2 d5 5. exd5 cxd5 6. O-O Nc6 7. h3 Nf6 8. c3
O-O 9. Na3 a6 10. Bf4 b5 11. Nc2 Bb7 12. Ne5 e6 13. Nxc6 Bxc6 14. Nb4 Bb7 15.
Nd3 Ne4 16. f3 Nd6 17. Nc5 Bc6 18. Qc1 Re8 19. Nd3 Rc8 20. Qe1 Nc4 21. b3 Nd6
22. Bd1 Nf5 23. g4 Nd6 24. Qg3 Nb7 25. Qe1 a5 26. Ne5 Qb6 27. Kh2 b4 28. Nxc6
Rxc6 29. Bd2 bxc3 0-1

[Event "?"]
[Site "?"]
[Date "????.??.??"]
[Round "?"]
[White "Krebs, D."]
[Black "Kalmutzki, M."]
[Result "1/2-1/2"]
[WhiteElo "2123"]
[BlackElo "1954"]
[PlyCount "52"]
[EventDate "2010.??.??"]
[WhiteTeam "Mattadore Rheinld"]
[BlackTeam "Stiftg BSW/DBAG 4"]

1. e4 c5 2. Nf3 e6 3. d4 cxd4 4. Nxd4 Nf6 5. Nc3 d6 6. Bc4 Be7 7. Bb3 O-O 8.
O-O a6 9. Be3 Qc7 10. f4 Nc6 11. Qf3 Nxd4 12. Bxd4 e5 13. Be3 b5 14. f5 Bb7 15.
a3 Rad8 16. Rad1 Rd7 17. g4 Rfd8 18. g5 Ne8 19. Rf2 d5 20. Nxd5 Bxd5 21. Bxd5
Bc5 22. Kg2 Nd6 23. b3 Kh8 24. g6 Nxe4 25. Qxe4 Bxe3 26. Qxe3 Rxd5 1/2-1/2

[Event "?"]
[Site "?"]
[Date "????.??.??"]
[Round "?"]
[White "Paulsen, E."]
[Black "Gafke, M."]
[Result "1/2-1/2"]
[WhiteElo "1868"]
[BlackElo "1872"]
[PlyCount "42"]
[EventDate "2010.??.??"]
[WhiteTeam "Mattadore Rheinld"]
[BlackTeam "Stiftg BSW/DBAG 4"]

1. c4 Nf6 2. g3 g6 3. Bg2 Bg7 4. Nc3 c6 5. e4 d6 6. Nge2 O-O 7. O-O Bg4 8. h3
Bxe2 9. Qxe2 Qc7 10. d3 Nbd7 11. Be3 e5 12. Qd2 a6 13. Rac1 Rad8 14. a3 Nc5 15.
Qc2 Ne6 16. Ne2 c5 17. b4 b6 18. Qb2 Rb8 19. Nc3 Qd7 20. b5 a5 21. Rcd1 Qe7
1/2-1/2

[Event "?"]
[Site "?"]
[Date "????.??.??"]
[Round "?"]
[White "Goerden, H."]
[Black "Böttcher, U."]
[Result "0-1"]
[WhiteElo "1835"]
[BlackElo "2063"]
[PlyCount "52"]
[EventDate "2010.??.??"]
[WhiteTeam "Widukind 2"]
[BlackTeam "Schleswig-Holstein"]

1. e4 c5 2. c4 Nc6 3. Ne2 g6 4. d4 cxd4 5. Nxd4 Bg7 6. Be3 d6 7. Nc3 Nf6 8. Be2
O-O 9. O-O Bd7 10. Qd2 Nxd4 11. Bxd4 Bc6 12. f3 a6 13. a4 Rc8 14. b4 Bd7 15. a5
Be6 16. Nd5 Nd7 17. Bxg7 Kxg7 18. Qd4+ Kg8 19. f4 f5 20. e5 dxe5 21. fxe5 Bf7
22. c5 Nxe5 23. Qxe5 Qxd5 24. Qc3 e5 25. Rad1 Qe6 26. Rd6 Qxd6 0-1

[Event "?"]
[Site "?"]
[Date "????.??.??"]
[Round "?"]
[White "Hentzschel, E."]
[Black "Meiwald, G."]
[Result "1/2-1/2"]
[WhiteElo "1947"]
[BlackElo "2055"]
[PlyCount "64"]
[EventDate "2010.??.??"]
[WhiteTeam "Widukind 2"]
[BlackTeam "Schleswig-Holstein"]

1. e4 c6 2. d4 d5 3. exd5 cxd5 4. Bd3 Nf6 5. Nf3 Bg4 6. O-O e6 7. c3 Bd6 8.
Nbd2 O-O 9. Qe1 Bxf3 10. Nxf3 Nbd7 11. Bg5 Qc7 12. Bxf6 Nxf6 13. Qe2 h6 14.
Rae1 Qa5 15. Qc2 Rac8 16. Ne5 Bxe5 17. dxe5 Nd7 18. Qb1 Qb6 19. Kh1 Rfd8 20.
Re2 Nc5 21. Rfe1 d4 22. cxd4 Rxd4 23. Bh7+ Kf8 24. b3 Rcd8 25. f3 Qb4 26. Qc1
b6 27. Be4 Rd2 28. h3 Ke7 29. Kh2 Qd4 30. Rxd2 Qxd2 31. Qxd2 Rxd2 32. Bb1 Nd3
1/2-1/2

[Event "?"]
[Site "?"]
[Date "????.??.??"]
[Round "?"]
[White "Ingvason, S."]
[Black "Harzer, P."]
[Result "1/2-1/2"]
[WhiteElo "2048"]
[BlackElo "2136"]
[PlyCount "33"]
[EventDate "2010.??.??"]
[WhiteTeam "Schweden 3"]
[BlackTeam "BSW  Berlin/DBAG"]

1. Nf3 f5 2. d4 e6 3. c4 d6 4. g3 Nf6 5. Bg2 Be7 6. O-O O-O 7. Nc3 a5 8. Qc2
Nc6 9. e4 Nb4 10. Qe2 Nxe4 11. h4 d5 12. Bf4 c6 13. Rac1 Bd7 14. a3 Na6 15. Ne5
Be8 16. Rfe1 g5 17. hxg5 1/2-1/2